Music Quiz

Random Music or Bands Quiz

Band Reunions Quiz Stats

 Plays Quiz Updated Jun 16, 2016

Challenge
Share
Tweet
Score 0/16 Timer 06:00
0 Plays Today
% Correct
The Beatles
98%
Black Sabbath
88.7%
Simon and Garfunkel
88.2%
The Beach Boys
87.7%
Destiny's Child
87%
Fleetwood Mac
86.4%
Spice Girls
85.8%
'N Sync
84.7%
% Correct
ABBA
80.3%
Guns N' Roses
80.3%
Led Zeppelin
67.8%
New Kids on the Block
60.9%
Eagles
56.8%
Pink Floyd
52.8%
Van Halen
32.3%
En Vogue
28.5%

You're not logged in!

Compare scores with friends on all Sporcle quizzes.
OR
Log In

You Might Also Like...

Show Comments

Extras

Top Quizzes Today


Score Distribution

Your Account Isn't Verified!

In order to create a playlist on Sporcle, you need to verify the email address you used during registration. Go to your Sporcle Settings to finish the process.

Report this User

Report this user for behavior that violates our Community Guidelines.

Details: